| 000 | 00609nam a2200205 a 4500 | ||
|---|---|---|---|
| 001 | BRCA_2771 | ||
| 005 | 20190320203948.0 | ||
| 008 | 051208s1926----sp-a---###---#000-0#spa-u | ||
| 050 | 4 |
_aND813 _b.G83B6 1926 |
|
| 100 | 1 |
_aGudiol, Josep _97798 |
|
| 245 | 1 | 0 |
_aEl pintor Luis Borrassá _cpor Josep Gudiol. |
| 260 |
_aBarcelona, España _bAcademia Provincial de Bellas Artes _c1926 |
||
| 300 |
_a65 p. _bil., 71 láminas _c27 cm. |
||
| 500 | _aIncluye índice de láminas. | ||
| 500 | _aAA88 | ||
| 600 | 1 | 4 |
_aBorrassá, Luis _d1426 _97799 |
| 650 | 1 | 4 |
_aPintores españoles _97620 |
| 902 | _aGFM | ||
| 942 |
_2lcc _cB |
||
| 999 |
_c2511 _d2511 |
||